History Quiz

Random History or Decade Quiz

'80s Timeline Picture Click Quiz Stats

 Plays Quiz Updated Jul 29, 2016

Challenge
Share
Tweet
Score 0/10 Timer 03:00
1 Play Today
% Correct
1989 - Destruction of
the Berlin Wall Begins
91.9%
1988 - PanAm Flight 103 Destroyed
in Lockerbie Bombing
69.7%
1985 - Back To the Future Released
64.6%
1981 - Prince Charles and Diana Are Wed
56.4%
1986 - Chernobyl Incident
Occurs in USSR
53.6%
1983 - Michael Jackson's Thriller Music Video Released
51.2%
1980 - Mount St. Helens Erupts
51%
1982 - Falklands War
Begins Between Argentina
and the UK
43.6%
1987 - Congressional
Committees Investigate
Iran-Contra Affair
38.9%
1984 - Gas Leak Kills and Injures
Thousands in Bhopal, India
33.3%

You're not logged in!

Compare scores with friends on all Sporcle quizzes.
OR
Log In

You Might Also Like...

Show Comments

Extras

Top Quizzes Today


Score Distribution

Your Account Isn't Verified!

In order to create a playlist on Sporcle, you need to verify the email address you used during registration. Go to your Sporcle Settings to finish the process.

Report this User

Report this user for behavior that violates our Community Guidelines.

Details: